<?xml version="1.0" encoding="UTF-8"?>
<record
    xmlns:xsi="http://www.w3.org/2001/XMLSchema-instance"
    xsi:schemaLocation="http://www.loc.gov/MARC21/slim http://www.loc.gov/standards/marcxml/schema/MARC21slim.xsd"
    xmlns="http://www.loc.gov/MARC21/slim">

  <leader>01921nam a22002657a 4500</leader>
  <datafield tag="999" ind1=" " ind2=" ">
    <subfield code="c">1340</subfield>
    <subfield code="d">1340</subfield>
  </datafield>
  <controlfield tag="003">OSt</controlfield>
  <controlfield tag="005">20190917205943.0</controlfield>
  <controlfield tag="008">170626b        xxu||||| |||| 00| 0 esp d</controlfield>
  <datafield tag="040" ind1=" " ind2=" ">
    <subfield code="c">DO-SdBJH</subfield>
    <subfield code="a">DO-SdBJH</subfield>
    <subfield code="b">spa</subfield>
  </datafield>
  <datafield tag="090" ind1=" " ind2=" ">
    <subfield code="a">TG EGCEMC</subfield>
    <subfield code="b">00950 2015</subfield>
  </datafield>
  <datafield tag="100" ind1="1" ind2=" ">
    <subfield code="a">D&#xED;az Gonz&#xE1;lez, Manuel</subfield>
    <subfield code="e">sustentante</subfield>
  </datafield>
  <datafield tag="245" ind1="1" ind2="0">
    <subfield code="a">Propuesta de un programa para la prevenci&#xF3;n del narcotr&#xE1;fico y delitos conexos a implementar entre la Direcci&#xF3;n Nacional de Control de Drogas y el Arzobispado Metropolitano de Santo Domingo / </subfield>
    <subfield code="c">Manuel D&#xED;az Gonz&#xE1;lez, asesores  Francisco Acosta,  Jos&#xE9; J. Valenzuela Mart&#xED;nez</subfield>
  </datafield>
  <datafield tag="260" ind1=" " ind2=" ">
    <subfield code="a">Santo Domingo :</subfield>
    <subfield code="b">INSUDE, </subfield>
    <subfield code="c">2015</subfield>
  </datafield>
  <datafield tag="300" ind1=" " ind2=" ">
    <subfield code="a">xiv, 69 p&#xE1;ginas, ilustraciones-tablas-mapas y gr&#xE1;ficas</subfield>
  </datafield>
  <datafield tag="502" ind1=" " ind2=" ">
    <subfield code="a">Tesis (Especialidad  en Comando y Estado Mayor Conjunto)  Instituto Superior para la Defensa (INSUDE).-- Escuela de Graduados en Comando y Estado Mayor &#x201C;General de Divisi&#xF3;n Gregorio Luper&#xF3;n&#x201D;, 2015.

</subfield>
  </datafield>
  <datafield tag="504" ind1=" " ind2=" ">
    <subfield code="a">Incluye referencias bibliogr&#xE1;ficas e &#xED;ndices</subfield>
  </datafield>
  <datafield tag="505" ind1=" " ind2=" ">
    <subfield code="a">Situaci&#xF3;n actual del Narcotr&#xE1;fico en el Distrito Nacional. -- Marco legal e iniciativas del estado para prevenir el narcotr&#xE1;fico Rep&#xFA;blica Dominicana. -- Resultados, experiencia y lecciones sobre prevenci&#xF3;n del narcotr&#xE1;fico y delitos conexos a trav&#xE9;s del arzobispado metropolitano</subfield>
  </datafield>
  <datafield tag="650" ind1=" " ind2="4">
    <subfield code="a">Plan nacional prevenci&#xF3;n de narcotr&#xE1;fico -- Direcci&#xF3;n de Control de Drogas -- Arzobispado de Santo Domingo (propuesta)</subfield>
  </datafield>
  <datafield tag="650" ind1=" " ind2="4">
    <subfield code="a">Seguridad ciudadana -- Pastoral juvenil arzobispado -- Otras instituciones</subfield>
  </datafield>
  <datafield tag="651" ind1=" " ind2="4">
    <subfield code="a">Rep&#xFA;blica Dominicana.  Situaci&#xF3;n actual del narcotr&#xE1;fico en el Distrito Nacional -- Plan nacional antidrogas</subfield>
  </datafield>
  <datafield tag="700" ind1="1" ind2=" ">
    <subfield code="a">Acosta, Francisco </subfield>
    <subfield code="e">asesor</subfield>
  </datafield>
  <datafield tag="700" ind1="1" ind2=" ">
    <subfield code="a">Valenzuela Mart&#xED;nez, Jos&#xE9; J.</subfield>
    <subfield code="e">asesor</subfield>
  </datafield>
  <datafield tag="830" ind1=" " ind2=" ">
    <subfield code="a">INSUDE. Escuela de Graduados de Comando y Estado Mayor &#x201C;General de Divisi&#xF3;n Gregorio Luper&#xF3;n&#x201D;. Tesis y disertaciones acad&#xE9;micas</subfield>
  </datafield>
  <datafield tag="942" ind1=" " ind2=" ">
    <subfield code="2">CL</subfield>
    <subfield code="c">T</subfield>
  </datafield>
  <datafield tag="952" ind1=" " ind2=" ">
    <subfield code="0">0</subfield>
    <subfield code="1">0</subfield>
    <subfield code="2">CL</subfield>
    <subfield code="4">0</subfield>
    <subfield code="7">1</subfield>
    <subfield code="8">TG</subfield>
    <subfield code="a">BJHA</subfield>
    <subfield code="b">BJHA</subfield>
    <subfield code="d">2017-06-26</subfield>
    <subfield code="i">15-00950</subfield>
    <subfield code="l">0</subfield>
    <subfield code="o">TG EGCEMC 00950 2015</subfield>
    <subfield code="p">15-00950</subfield>
    <subfield code="r">2018-10-06 00:00:00</subfield>
    <subfield code="t">e.1</subfield>
    <subfield code="w">2017-06-26</subfield>
    <subfield code="y">T</subfield>
  </datafield>
</record>
